<?xml version="1.0" encoding="UTF-8"?>
<collection xmlns="http://www.loc.gov/MARC21/slim">
 <record>
  <leader>00774nab a2200205 i 4500</leader>
  <controlfield tag="001">acta605</controlfield>
  <controlfield tag="005">20220622125317.0</controlfield>
  <controlfield tag="008">161015s2006    hu      o     0||   spa d</controlfield>
  <datafield tag="022" ind1=" " ind2=" ">
   <subfield code="a">1416-7263</subfield>
  </datafield>
  <datafield tag="040" ind1=" " ind2=" ">
   <subfield code="a">SZTE Egyetemi Kiadványok Repozitórium</subfield>
   <subfield code="b">hun</subfield>
  </datafield>
  <datafield tag="041" ind1=" " ind2=" ">
   <subfield code="a">spa</subfield>
  </datafield>
  <datafield tag="100" ind1="1" ind2=" ">
   <subfield code="a">Berta Tibor</subfield>
  </datafield>
  <datafield tag="245" ind1="1" ind2="0">
   <subfield code="a">Construcciones con participio y con infinitivo </subfield>
   <subfield code="h">[elektronikus dokumentum] :</subfield>
   <subfield code="b">paralelos estructurales /</subfield>
   <subfield code="c"> Berta Tibor</subfield>
  </datafield>
  <datafield tag="260" ind1=" " ind2=" ">
   <subfield code="a">Universidad &quot;József Attila&quot;, Departamento de Estudios Hispánicos</subfield>
   <subfield code="b">Szeged</subfield>
   <subfield code="c">2006</subfield>
  </datafield>
  <datafield tag="300" ind1=" " ind2=" ">
   <subfield code="a">9-19</subfield>
  </datafield>
  <datafield tag="490" ind1="0" ind2=" ">
   <subfield code="a">Acta hispanica</subfield>
   <subfield code="v">11</subfield>
  </datafield>
  <datafield tag="650" ind1=" " ind2="4">
   <subfield code="a">Bölcsészettudományok</subfield>
  </datafield>
  <datafield tag="650" ind1=" " ind2="4">
   <subfield code="a">Nyelvek és irodalom</subfield>
  </datafield>
  <datafield tag="695" ind1=" " ind2=" ">
   <subfield code="a">Nyelvészet - spanyol, Spanyol nyelv</subfield>
  </datafield>
  <datafield tag="856" ind1="4" ind2="0">
   <subfield code="u">http://acta.bibl.u-szeged.hu/605/1/hisp_011_009-019.pdf</subfield>
   <subfield code="z">Dokumentum-elérés </subfield>
  </datafield>
 </record>
</collection>
